SQL Server 7 24 Seven (Record no. 346437)

000 -LEADER
fixed length control field 00246 a2200097 4500
090 ## - LOCALLY ASSIGNED LC-TYPE CALL NUMBER (OCLC); LOCAL CALL NUMBER (RLIN)
-- 3977
-- 3977
100 ## - MAIN ENTRY--PERSONAL NAME
Personal name Rick Sawtell
245 ## - TITLE STATEMENT
Title SQL Server 7 24 Seven
260 ## - PUBLICATION, DISTRIBUTION, ETC.
Place of publication, distribution, etc. Sybex Network Press
Name of publisher, distributor, etc. San Francisco
Date of publication, distribution, etc. 1999
942 ## - ADDED ENTRY ELEMENTS (KOHA)
Institution code [OBSOLETE] NBS
Koha item type Book
Call number prefix 005.4069 SAW
Holdings
Withdrawn status Lost status Damaged status Not for loan Permanent Location Current Location Shelving location Date acquired Total Checkouts Full call number Barcode Date last seen Date last checked out Price effective from Koha item type
        Central Library (CL) Central Library (CL) First Floor - Operating System/ Data Structure 08/28/2013 1 005.4069 SAW NBS4426 11/22/2017 07/20/2017 08/28/2013 Book
© 2023 Central Library, National University of Sciences and Technology. All Rights Reserved.